Letra "Cómo te atreves" - Estadísticas

Estadísticas generales
  • Esta prueba ha sido intentada 147 veces
  • La puntuación promedio es 50 de 58
Estadísticas de respuestas
Letra Respuesta % Correcto
Te tuve _____ cerca
99%
Y ahora estás tan _____ lejos
99%
Andan diciendo por la ______ calle
98%
Andan diciendo por la _____ calle
98%
Cómo te atreves a _______ volver
96%
Cómo te atreves a _____ volver
96%
Cómo te atreves a _____ volver
96%
Cómo te atreves a _____ volver
96%
Cómo te atreves a _____ volver
96%
Cómo te atreves a _____ volver
96%
Cómo te atreves a _____ volver
96%
Para levantar tu _______ falda
95%
Para levantar tu _____ falda
95%
Ni siquiera me pensaste un 29 de _________ febrero
95%
Cada día de por ______ medio
95%
cada día de por _____ medio
95%
A lo que estaba _____ muerto
95%
A darle vida a lo que estaba _____ muerto
95%
Que solo le eres fiel al _______ viento
95%
Que solo le eres fiel al ____ viento
95%
Hoy me ______ que será de ti pregunto
94%
es ______, es ______ imposible
93%
A darle _____ vida
93%
Pero expiraron los ________ remordimientos
92%
La _________ me había tratado bien soledad
92%
La _____ me había tratado bien soledad
92%
Cuatro años sin _______ mirarte
91%
El ______ que nunca hizo falta mismo
89%
El _____ que nunca hizo falta mismo
89%
Que no es verdad que te _____ olvidé
89%
Que no es verdad que te ______ olvidé
89%
Dos meses y me _______ olvidaste
88%
Y no eres quién para exigir ______ derechos
85%
Y no eres quien para exigir ______ derechos
85%
Hoy mis _____ veo caer mentiras
85%
Hoy mis _____ veo caer mentiras
85%
Debió haber sido mi primer ______ decreto
84%
Tres ________ y un bolero postales
83%
Pero prohibirme ______ lo nuestro recordar
83%
al fin y al cabo _____ me las creo siempre
82%
Prefiero ser un _____ cobarde
80%
Fui _______ y el no dejarte ir dictador
79%
Tres te ____ y un te quiero odio
78%
No me _______ sé que te perdí perdono
78%
Me hiciste _____ daño
77%
Cuatro vidas me _____ juraste
75%
Convertir en _____ fuego
73%
Convertir en ____ fuego
73%
Pero sigo ____ vivo
73%
Nunca fui bueno para ______ distinguir
71%
Tantas mentiras que al final no ____ veo
71%
Por qué _____ si te vas a ir volviste
71%
Y a tus ______ cenizas
70%
Y a tus _____ cenizas
70%
Contigo yo me acostumbré a _____ perder
68%
Que olvidarme de ______ primero
67%
Mi corazón funciona sin ____ latidos
66%
Dos ______ para darte consejos
55%
No se encontraron pruebas coincidentes
Distribución de puntuación
Porcentaje de gente con cada puntuación
Porcentaje por número respondido
Historial de tus puntuaciones
No has intentado esta prueba.